| 000 | 00533nam a2200157 a 4500 | ||
|---|---|---|---|
| 008 | 120416s1981 ||||||||||||||||| || u | ||
| 050 | _aHD 7287 Bou | ||
| 100 | _aBourne, Larry S | ||
| 245 | 1 | 4 | _aThe geography of housing |
| 260 |
_aLondon _bEdward Arnold _c1981 |
||
| 300 | _aviii, 288p. : ill. | ||
| 350 | _a0.00 | ||
| 650 | _aHOUSING | ||
| 650 | _aHOUSING AND GEOGRAPHY | ||
| 995 |
_D0.00 _FCBU-MAIN LIBRARY (Kitwe) _H1 _I0.00 _M1 _UAVAILABLE _ZMain Library Open Access Collection |
||
| 999 |
_c44469 _d44469 |
||